| 000 | 00450nam a2200145Ia 4500 | ||
|---|---|---|---|
| 003 | OSt | ||
| 005 | 20260119105435.0 | ||
| 008 | 211028s2013 xx 000 0 und d | ||
| 040 | _cAIMIT LIBRARY | ||
| 041 | _aeng | ||
| 100 |
_aSabir, Mohammed Kamran; Wright, Rowena. _g1116087 _97031 |
||
| 245 | _aEffects of government regulation on naphtha with special reference to MCF Mangalore / | ||
| 260 |
_aMangalore _bRowena Wright _c2013 |
||
| 942 |
_2ddc _cPRO |
||
| 999 |
_c218601 _d218601 |
||